Cities on the European Route E45 on a Map - Statistics

General Stats
  • This quiz has been taken 32 times
  • The average score is 20 of 54
Answers on the Map
Answers color-coded by a green-red scale on the quiz's map according to % correct below.
 
Answer Stats
Population City % Correct
1,964,021 Hamburg
96%
1,604,384 Munich
93%
908,082 Naples
93%
612,231 Gothenburg
89%
217,033 Messina
86%
544,414 Nuremberg
86%
132,188 Innsbruck
82%
390,734 Bologna
79%
297,517 Catania
75%
119,862 Aalborg
71%
301,049 Aarhus
71%
255,133 Verona
71%
548,186 Hanover
68%
120,709 Trento
68%
99,307 Flensburg
64%
115,636 Syracuse
64%
201,048 Kassel
61%
184,739 Modena
61%
106,177 Bolzano
54%
132,215 Würzburg
50%
70,366 Fulda
39%
162,467 Perugia
39%
125,958 Salerno
39%
124,548 Göttingen
32%
64,511 Randers
32%
102,325 Hildesheim
29%
95,897 Kolding
29%
15,931 Alta
25%
62,011 Vejle
25%
22,548 Frederikshavn
21%
65,192 Rosenheim
21%
13,811 Wörgl
21%
8,449 Gällivare
18%
49,806 Östersund
18%
2,428 Brenner
14%
63,240 Cosenza
14%
2,786 Jokkmokk
14%
1,459 Kautokeino
14%
97,137 Cesena
11%
70,215 Gela
11%
9,065 Åmål
7%
4,635 Arvidsjaur
7%
10,896 Mora
7%
8,991 Säffle
7%
20,360 Skanderborg
7%
1,385 Brålanda
4%
800 Hetta
4%
140 Karesuvanto
4%
100 Palojoensuu
4%
343 Porjus
4%
13,747 Villa San Giovanni
4%
16,255 Fiano Romano
0%
972 Fortezza
0%
3,411 Sicignano
0%
No matching quizzes found
Score Distribution
Percent of People with Each Score
Percentile by Number Answered
Your Score History
You have not taken this quiz